Sports Quiz

Random Sports or MLB Quiz

Big 4 Logos Collage II Quiz Stats

 Plays Quiz Updated Mar 18, 2017

Challenge
Share
Tweet
Score 0/40 Timer 05:00
4 Plays Today
% Correct
Chicago Bulls
95.8%
New
England
Patriots
94.7%
Green Bay Packers
94.3%
Chicago Cubs
93%
Arizona Cardinals
92.6%
Seattle Seahawks
92.6%
Los Angeles Rams
92.4%
Miami Heat
92.2%
Cleveland Indians
92.1%
Toronto Blue Jays
91.8%
Jacksonville Jaguars
91%
Baltimore Ravens
91%
Golden State Warriors
90.9%
Boston Red Sox
90.5%
San Francisco Giants
90.5%
Los Angeles Lakers
88.8%
Pittsburgh Pirates
88.7%
Cleveland Cavaliers
88.4%
Denver Broncos
88.4%
Philadelphia 76ers
88.2%
% Correct
New York Rangers
87.8%
Chicago Bears
87%
Los Angeles Dodgers
86.5%
Colorado Rockies
86%
Miami Marlins
85.3%
Oklahoma City Thunder
85.2%
New York Yankees
83.3%
New Jersey Devils
82.8%
Philadelphia Flyers
82.7%
Toronto Raptors
78.1%
Detroit Red Wings
78%
Florida Panthers
77.3%
Buffalo Sabres
77.1%
Colorado Avalanche
76.6%
Washington Wizards
74.9%
Pittsburgh
Steelers
71.8%
Anaheim Ducks
69.7%
Nashville Predators
68.4%
Vancouver Canucks
57.7%
Los Angeles Clippers
32.1%

You're not logged in!

Compare scores with friends on all Sporcle quizzes.
OR
Log In

You Might Also Like...

Show Comments

Extras

Top Quizzes Today


Score Distribution

Your Account Isn't Verified!

In order to create a playlist on Sporcle, you need to verify the email address you used during registration. Go to your Sporcle Settings to finish the process.

Report this User

Report this user for behavior that violates our Community Guidelines.

Details: